|
|
|
|
| LEADER |
00873nam a22002532a 4500 |
| 001 |
001225674 |
| 003 |
CZ BrMZK |
| 005 |
20120925115732.0 |
| 007 |
ta |
| 008 |
120622s1975 xr er|||||||||||eng d |
| 015 |
|
|
|a cnb000523836
|
| 035 |
|
|
|a (OCoLC)42107726
|
| 040 |
|
|
|a BOA001
|b cze
|
| 245 |
0 |
0 |
|a List of red guard publications in the Lu Hsün library of the oriental institute Prague /
|c preface Jaroslav Cesar
|
| 260 |
|
|
|a Prague :
|b Academia,
|c 1975
|
| 300 |
|
|
|a 145 s.
|
| 490 |
1 |
|
|a Dissertationes orientales ;
|v 35
|
| 550 |
|
|
|a Vydavatel: Orientální ústav ČSAV v Praze
|
| 710 |
2 |
|
|a Orientální ústav (Akademie věd ČR)
|7 kn20010709015
|
| 830 |
|
0 |
|a Dissertationes orientales
|0 s
|
| 910 |
|
|
|a BOA001
|b 2-0749.062
|
| 990 |
|
|
|a BK
|
| 991 |
|
|
|b 201206
|
| 996 |
7 |
|
|b 2619556605
|c 2-0749.062
|l Sklad H1
|r Sklad / do 24 hodin
|n 0
|h HS 212
|w 001259647
|u 000010
|a 1
|e BOA001
|j MZK50
|s A
|